000 00741nam a2200229 a 4500
001 48661
003 BD-RjUL
005 20211209054549.0
008 160423s1968 bg ||||| |||| 00| 0 ben d
020 _c: Tk. 2.50
035 _a(BD-RjUL)48780
040 _aBD-RjUL
_bben
_cBD-RjUL
041 _aben
082 _223
_a891.441
_bBEK 1968
100 1 _aবেগম, জাহান-আরা
_9123588
245 1 0 _aকালের কতকথা /
_cজাহান-আরা বেগম
260 _aঢাকা :
_bরানা ভুঁইয়া,
_c১৯৬৮
300 _a৬৫ পৃ. ;
_c২১ সেমি.
650 _aবাংলা কবিতা
_9123589
650 _aBengali poetry
_9123590
942 _2ddc
_cBK
999 _c48661
_d48661